000 00425nam a2200181Ia 4500
001 394
005 20260306140514.0
008 260306t2009||||xx |||||||||||||| ||spa||
041 _aESP
082 _a110
_bH36C
100 _aHeidegger, Martin
_eAUT
245 0 _aPrincipios metafísicos de la lógica
260 _c2009
300 _a266 páginas :
_c24 cm.
650 _aGEN
654 _aCHU
942 _cLIB
_dJUS
_fJUS
_2ddc
_n
999 _c394
_d394